<?xml version="1.0" encoding="UTF-8"?>
<record
    xmlns:xsi="http://www.w3.org/2001/XMLSchema-instance"
    xsi:schemaLocation="http://www.loc.gov/MARC21/slim http://www.loc.gov/standards/marcxml/schema/MARC21slim.xsd"
    xmlns="http://www.loc.gov/MARC21/slim">

  <leader>01057nam a2200241 a 4500</leader>
  <controlfield tag="001">BRL_1616</controlfield>
  <controlfield tag="005">20190320211305.0</controlfield>
  <controlfield tag="008">140414s1987----mx-a######---#100-0#spa-#</controlfield>
  <datafield tag="041" ind1=" " ind2=" ">
    <subfield code="a">spa</subfield>
  </datafield>
  <datafield tag="044" ind1=" " ind2=" ">
    <subfield code="a">mx</subfield>
  </datafield>
  <datafield tag="050" ind1=" " ind2="4">
    <subfield code="a">SF542</subfield>
    <subfield code="b">.H36 1987</subfield>
  </datafield>
  <datafield tag="111" ind1="2" ind2=" ">
    <subfield code="a">Taller sobre la cr&#xED;a del gusano de seda</subfield>
    <subfield code="d">17 al 18 de febrero 1987</subfield>
    <subfield code="c">San Mateo Pe&#xF1;asco (Tlaxiaco)</subfield>
    <subfield code="e">Centro coordinador indigenista de la Mixteca Alta</subfield>
    <subfield code="9">27448</subfield>
  </datafield>
  <datafield tag="245" ind1="1" ind2="0">
    <subfield code="a">Manual de la cr&#xED;a del gusano de seda reproducci&#xF3;n de la Morera en la Mixteca</subfield>
    <subfield code="b">memoria del &#xB4;taller sobre la cr&#xED;a del gusano de seda, en la comunidad San Mateo Pe&#xF1;asco (Tlaxiaco), 17-18 de febrero 1987</subfield>
    <subfield code="c">texto Susanna Hammacher ; dise&#xF1;o Cesar Gabriel Toledo Ruiz.</subfield>
  </datafield>
  <datafield tag="260" ind1=" " ind2=" ">
    <subfield code="a">Tlaxiaco, Oaxaca, M&#xE9;xico</subfield>
    <subfield code="b">Centro coordinador indigenista de la Mixteca Alta</subfield>
    <subfield code="c">1987</subfield>
  </datafield>
  <datafield tag="300" ind1=" " ind2=" ">
    <subfield code="a">59 p.</subfield>
    <subfield code="b">il.</subfield>
    <subfield code="c">22 cm.</subfield>
  </datafield>
  <datafield tag="500" ind1=" " ind2=" ">
    <subfield code="a">Au381</subfield>
  </datafield>
  <datafield tag="500" ind1=" " ind2=" ">
    <subfield code="a">En la pasta: &#xB4;Tintuv&#xE1;&#xB4;</subfield>
  </datafield>
  <datafield tag="650" ind1="1" ind2="4">
    <subfield code="a">Gusanos de seda</subfield>
    <subfield code="9">27449</subfield>
  </datafield>
  <datafield tag="700" ind1="1" ind2=" ">
    <subfield code="a">Hammacher, Susanna</subfield>
    <subfield code="9">27450</subfield>
  </datafield>
  <datafield tag="700" ind1="1" ind2=" ">
    <subfield code="a">Ruiz Toledo, Gabriel Cesar</subfield>
    <subfield code="9">27451</subfield>
  </datafield>
  <datafield tag="902" ind1=" " ind2=" ">
    <subfield code="a">GRL</subfield>
  </datafield>
  <datafield tag="942" ind1=" " ind2=" ">
    <subfield code="2">lcc</subfield>
    <subfield code="c">B</subfield>
  </datafield>
  <datafield tag="999" ind1=" " ind2=" ">
    <subfield code="c">10425</subfield>
    <subfield code="d">10425</subfield>
  </datafield>
  <datafield tag="952" ind1=" " ind2=" ">
    <subfield code="0">0</subfield>
    <subfield code="1">0</subfield>
    <subfield code="4">0</subfield>
    <subfield code="7">0</subfield>
    <subfield code="a">BRL</subfield>
    <subfield code="b">BRL</subfield>
    <subfield code="d">2014-04-14</subfield>
    <subfield code="i">Au381</subfield>
    <subfield code="l">0</subfield>
    <subfield code="o">SF542 .H36 1987 (Au381)</subfield>
    <subfield code="p">GRL01777</subfield>
    <subfield code="r">2019-03-22 00:00:00</subfield>
    <subfield code="w">2019-03-22</subfield>
    <subfield code="y">B</subfield>
  </datafield>
</record>
